World capitals - Statistics

General Stats
  • This quiz has been taken 46 times
  • The average score is 6 of 12
Answers on the Grid
Answers color-coded by a green-red scale on the quiz's grid according to % correct below.
Wuhan
Ulaanbataar
Toronto
Sydney
São Paulo
Rio de Janeiro
Rio
Phnom Penh
New Delhi
Nairobi
Mumbai
Lima
Lagos
Hanoi
Graz
Colombo
Burlington
Bucharest
Bratislava
Bogota
Barcelona
Bangalore
Asmara
Addis Ababa
 
Answer Stats
Answer % Correct
Ulaanbataar
80%
Lima
60%
New Delhi
60%
Phnom Penh
60%
Asmara
50%
Bogota
50%
Addis Ababa
40%
Hanoi
40%
Bratislava
30%
Bucharest
30%
Nairobi
30%
Colombo
20%
No matching quizzes found
Score Distribution
Percent of People with Each Score
Percentile by Number Answered
Your Score History
You have not taken this quiz